| 000 | 00536nam a2200181Ia 4500 | ||
|---|---|---|---|
| 008 | 230711s9999||||xx |||||||||||||| ||und|| | ||
| 020 | _a978-0-07-070028-4 | ||
| 041 | _aENG | ||
| 082 |
_a620.004 _bGU-V |
||
| 100 | _aGupta,Sanjay | ||
| 245 | 0 | _aVirtual instrumentation using lab view : Principles and practices of graphical programming | |
| 250 | _a2nd Ed. | ||
| 260 |
_c2016 _aNew Delhi _bMcGraw Hill Education(India) Private Limited |
||
| 300 | _a220p. | ||
| 650 | _aElectrical Engineering | ||
| 700 | _aJohn,Joseph | ||
| 942 | _cBK | ||
| 999 |
_c6246 _d6246 |
||